000 00552nam a2200193Ia 4500
008 140626s9999 xx 000 0 und d
100 _aChase, Jo-Ana.
245 _aPhysical activity interventions among older adults :
_ba literature review /
_cJo-Ana Chase.
260 _cc2013.
300 _a27 : 1, page 53
440 _aResearch and Theory for Nursing Practice
521 _aNUR
650 _aChronic illness.
650 _aInterventions.
650 _aOlder adults.
650 _aPhysical activity.
650 _aReview.
942 _cSE
999 _c121391
_d121391